Statistics for Every Bob Mentioned in "The Bob Emergency"

Click here to take the quiz!

General Stats

  • This quiz has been taken 5 times
  • The average score is 4 of 40

Answer Stats

SportBob% Correct
Long JumpBob Beamon
60%
Mixed Martial ArtsBob Bob
60%
BasketballBob Cousy
40%
BoxingBob Cyclone
40%
BaseballBob Lemon
40%
BoxingBob Armstrong
20%
BoxingBob Fitzsimmons
20%
Basketball, BaseballBob Gibson
20%
FootballBob Griese
20%
BaseballBob Hamelin
20%
CyclingBob Jungels
20%
FootballBob Sanders
20%
Wrestling"Bullet" Bob Armstrong
20%
BoxingBob Ajisafe
0%
BasketballBob Bevilacqua
0%
FootballBob Bradley
0%
TennisBob Bryan
0%
SkateboardingBob Burnquist
0%
CricketBob Carr
0%
Auto RacingBob Carter
0%
GolfBob Estes
0%
WrestlingBob Evans
0%
BaseballBob Feller
0%
GolfBob Gilder
0%
Mixed Martial ArtsBob Gilmore
0%
BoxingBob Lee Nsubuga
0%
BasketballBob McAdoo
0%
SoccerBob McHugh
0%
WrestlingBob Orton Jr.
0%
Street LugeBob Pereyra
0%
HockeyBob Probert
0%
Football, WrestlingBob Sapp
0%
GolfBob Sowards
0%
SoccerBob Straetman
0%
BasketballBob Sura
0%
CricketBob Thoms
0%
GolfBob Tway
0%
Auto RacingBob Varney
0%
BaseballBob Wheatley
0%
CyclingBob Wubben
0%

Score Distribution

Percentile by Number Answered

Percent of People with Each Score

Your Score History

You have not taken this quiz